Hóa sinh học
Thành phần hoá học của cơ thể sống, prôtit, Axit nuclêic, gluxit, lipit, vitamin, men, trao đổi chất, trao đổi gluxit, lipit, prôtit
Wedi'i Gadw mewn:
| Prif Awdur: | |
|---|---|
| Fformat: | Llyfr |
| Iaith: | Vietnamese |
| Cyhoeddwyd: |
H
Giáo dục
1978
|
| Rhifyn: | In lần thứ 2 |
| Cyfres: | Sách đại học sư phạm
|
| Pynciau: | |
| Tagiau: |
Ychwanegu Tag
Dim Tagiau, Byddwch y cyntaf i dagio'r cofnod hwn!
|
| Thư viện lưu trữ: | Mạng thư viện Đại học Đà Nẵng |
|---|
| LEADER | 01261nam a22003738a 4500 | ||
|---|---|---|---|
| 001 | 000009036 | ||
| 003 | 5230 | ||
| 005 | 20140827140856.0 | ||
| 008 | 111024s1978 b 000 0 vieod | ||
| 020 | |c 5500đ |d 15000b | ||
| 041 | 0 | |a vie | |
| 082 | |a 572 |b TR-I | ||
| 084 | |a E | ||
| 100 | 1 | |a Trần Ich | |
| 245 | 1 | 0 | |a Hóa sinh học |c Trần Ich |
| 250 | |a In lần thứ 2 | ||
| 260 | |a H |b Giáo dục |c 1978 | ||
| 300 | |a 228tr |c 19cm | ||
| 490 | |a Sách đại học sư phạm | ||
| 520 | |a Thành phần hoá học của cơ thể sống, prôtit, Axit nuclêic, gluxit, lipit, vitamin, men, trao đổi chất, trao đổi gluxit, lipit, prôtit | ||
| 653 | |a Giáo trình | ||
| 653 | |a đại học sư phạm | ||
| 653 | |a hoá sinh học | ||
| 910 | |a Nguyễn Thị Kim Oanh |d 24/10/2011 | ||
| OWN | |a LSP | ||
| AVA | |a UDN50 |b LSP |d 572 TR-I |e unavailable |t Error 5002 Not defined in file expand_doc_bib_avail. |f 4 |g 4 |h N |i 0 |k 1 | ||
| 999 | |a From the UDN01 | ||
| AVA | |a UDN50 |b LSP |d 572 TR-I |e unavailable |t Error 5002 Not defined in file expand_doc_bib_avail. |f 4 |g 4 |h N |i 0 |k 1 | ||
| TYP | |a Monograph | ||
| TYP | |a Printed language | ||
| 980 | |a Mạng thư viện Đại học Đà Nẵng | ||